[Event "8th Dubai Open"]
[Site "Dubai UAE"]
[Date "2006.04.23"]
[Round "1"]
[White "El Arousy,A"]
[Black "Kayle,C"]
[Result "1-0"]
[WhiteElo "2369"]
[BlackElo "2049"]
[EventDate "2006.04.23"]

1. d4 d5 2. c4 e6 3. Nc3 Nf6 4. cxd5 exd5 5. Bg5 c6 6. e3 Be7 7. Qc2 O-O 8.
Bd3 Nbd7 9. Nf3 Re8 10. O-O Nf8 11. Bxf6 Bxf6 12. b4 Bg4 13. Nd2 Be7 14.
Rab1 Bd6 15. Rfc1 a6 16. Nf1 Qg5 17. a4 Re6 18. f4 Qh4 19. h3 Bh5 20. Qf2
Qe7 21. b5 axb5 22. axb5 h6 23. f5 Rf6 24. bxc6 bxc6 25. g4 Bg6 26. e4 Bh7
27. exd5 c5 28. Re1 Qa7 29. Ra1 Qxa1 30. Rxa1 Rxa1 31. dxc5 Be5 32. Ne4 Ra4
33. Qc2 Rb4 34. Nxf6+ Bxf6 35. c6 Bd4+ 36. Kg2 1-0

[Event "8th Dubai Open"]
[Site "Dubai UAE"]
[Date "2006.04.23"]
[Round "1"]
[White "Izoria,Z"]
[Black "Sadatnajafi,M"]
[Result "1-0"]
[WhiteElo "2647"]
[BlackElo "2222"]
[EventDate "2006.04.23"]

1. Nf3 d5 2. d4 Nf6 3. c4 e6 4. Nc3 Nbd7 5. cxd5 exd5 6. Bg5 Be7 7. e3 O-O
8. Qc2 Nb6 9. Bd3 g6 10. O-O Nh5 11. Bh6 Ng7 12. Ne5 Re8 13. Bxg7 Kxg7 14.
f4 Bd6 15. Rf3 c5 16. Rg3 Qf6 17. Rf1 c4 18. Be2 Bf5 19. Qd1 Qe6 20. Bg4 f6
21. Bxf5 Qxf5 22. Ng4 Re7 23. h4 Rae8 24. e4 dxe4 25. Ne3 Qd7 26. h5 Rh8
27. Qe1 Kf7 28. Rh3 Ree8 29. Qh4 f5 30. Nxe4 fxe4 31. Ng4 Qe7 32. Ne5+ Ke6
33. Qe1 Bxe5 34. Qxe4 Qc7 35. fxe5 Ref8 36. Rhf3 Qg7 37. Rf6+ Ke7 38. Qxb7+
Nd7 39. e6 Kd8 40. Rxf8+ 1-0

[Event "8th Dubai Open"]
[Site "Dubai UAE"]
[Date "2006.04.23"]
[Round "1"]
[White "Molina,Ant"]
[Black "Sadvakasov,D"]
[Result "0-1"]
[WhiteElo "2220"]
[BlackElo "2619"]
[EventDate "2006.04.23"]

1. d4 Nf6 2. c4 e6 3. Nc3 Bb4 4. e3 O-O 5. Nf3 b6 6. Bd3 Bb7 7. O-O d5 8.
a3 Bxc3 9. bxc3 dxc4 10. Bxc4 Nbd7 11. a4 c5 12. Ba3 Qc7 13. Bd3 e5 14. Bf5
Rfe8 15. dxe5 Nxe5 16. Nxe5 Qxe5 17. Qc2 g6 18. Bh3 Rad8 19. Rfd1 Qe4 20.
Qxe4 Nxe4 21. Bb2 Nd2 22. Bg4 Be4 23. Be2 Bc2 24. Bb5 Bxd1 0-1

[Event "8th Dubai Open"]
[Site "Dubai UAE"]
[Date "2006.04.23"]
[Round "1"]
[White "Sargissian,G"]
[Black "Paridar,S"]
[Result "1-0"]
[WhiteElo "2612"]
[BlackElo "2210"]
[EventDate "2006.04.23"]

1. d4 d5 2. c4 e6 3. Nf3 c5 4. cxd5 exd5 5. g3 Nc6 6. Bg2 Nf6 7. O-O Be7 8.
Nc3 O-O 9. Bf4 a6 10. Rc1 Re8 11. dxc5 Bxc5 12. Bg5 d4 13. Bxf6 Qxf6 14.
Nd5 Qd6 15. Ng5 Bf5 16. Qb3 Nd8 17. Nf4 h6 18. Nf3 Ne6 19. Nd3 Be4 20. Nfe5
Bxg2 21. Kxg2 b6 22. Rfd1 Qe7 23. Nf3 Ng5 24. Rc2 Rac8 25. a3 Rc6 26. Qa4
Rf6 27. b4 b5 28. Qb3 Bd6 29. Qd5 Qe4 30. Qxe4 Rxe4 31. Nc1 Rfe6 32. Nxd4
Re8 33. Nxb5 Be5 34. Nd6 1-0

[Event "8th Dubai Open"]
[Site "Dubai UAE"]
[Date "2006.04.23"]
[Round "1"]
[White "Soumitra,M"]
[Black "Pantsulaia,L"]
[Result "0-1"]
[WhiteElo "2207"]
[BlackElo "2611"]
[EventDate "2006.04.23"]

1. d4 Nf6 2. c4 e6 3. Nf3 c5 4. d5 exd5 5. cxd5 d6 6. e4 Bg4 7. h3 Bxf3 8.
Qxf3 g6 9. Bg5 Bg7 10. Bb5+ Kf8 11. a4 a6 12. Be2 Nbd7 13. Nd2 Qe7 14. O-O
h6 15. Bf4 Re8 16. Qb3 Ne5 17. Bxe5 Qxe5 18. Qxb7 Nxe4 19. Nxe4 Qxe4 20.
Bxa6 Bd4 21. Bb5 Re5 22. Qb8+ Kg7 23. Qxd6 Rg5 24. Qh2 Qxd5 25. h4 Rf5 26.
Rab1 Bxf2+ 27. Rxf2 Rxf2 28. Kxf2 Qf5+ 29. Ke2 Qxb1 30. Qe5+ Kh7 31. Bd3
Qa2 32. Bxg6+ Kg8 33. Bd3 Qe6 34. Qxe6 fxe6 35. Be4 Kf7 36. Kd3 Rb8 37. Kc3
Rb4 38. Bc6 Ke7 39. a5 Kd6 40. Be8 Rxh4 41. a6 Kc7 0-1

[Event "8th Dubai Open"]
[Site "Dubai UAE"]
[Date "2006.04.23"]
[Round "1"]
[White "Miroshnichenko,E"]
[Black "Baum,B"]
[Result "1-0"]
[WhiteElo "2608"]
[BlackElo "2202"]
[EventDate "2006.04.23"]

1. Nf3 d6 2. d4 Bg4 3. e4 Nf6 4. h3 Bh5 5. Bd3 e6 6. Qe2 Be7 7. Nc3 d5 8.
Bd2 dxe4 9. Nxe4 c6 10. O-O-O Nbd7 11. Ng3 Bg6 12. Rhe1 Bxd3 13. Qxd3 O-O
14. Qb3 b5 15. Ne5 Rc8 16. Kb1 Nd5 17. Ne4 Nxe5 18. dxe5 Qc7 19. Qg3 Kh8
20. Bg5 c5 21. Bxe7 Qxe7 22. Nd6 Rcd8 23. Rxd5 1-0

[Event "8th Dubai Open"]
[Site "Dubai UAE"]
[Date "2006.04.23"]
[Round "1"]
[White "Stock,L"]
[Black "Kacheishvili,G"]
[Result "0-1"]
[WhiteElo "2200"]
[BlackElo "2605"]
[EventDate "2006.04.23"]

1. e4 c5 2. Nf3 g6 3. d4 cxd4 4. Nxd4 Nf6 5. Nc3 d6 6. f4 Nc6 7. Be2 Bg7 8.
Be3 O-O 9. O-O Qb6 10. Qd3 Ng4 11. Bxg4 Bxd4 12. Bxd4 Qxd4+ 13. Qxd4 Nxd4
14. Bxc8 Rfxc8 15. Rf2 Kf8 16. Rd1 Rc4 17. Rfd2 Nc6 18. Kf2 Rc8 19. Rd5 a6
20. a3 b5 21. Ke2 Nd8 22. Kd2 Ne6 23. g3 f6 24. h3 Kf7 25. Ra1 Nc5 26. Ke3
Nd7 27. Rd3 Nb6 28. Rb1 R4c5 29. Kf3 g5 30. Rg1 h5 31. Rb1 Rg8 32. Rd4 gxf4
33. gxf4 h4 34. Rh1 Rg3+ 35. Kf2 Na4 36. Nxa4 Rxc2+ 0-1

[Event "8th Dubai Open"]
[Site "Dubai UAE"]
[Date "2006.04.23"]
[Round "1"]
[White "Ghaem Maghami,E"]
[Black "Darini,P"]
[Result "1-0"]
[WhiteElo "2584"]
[BlackElo "2194"]
[EventDate "2006.04.23"]

1. c4 c5 2. Nf3 Nc6 3. d4 cxd4 4. Nxd4 g6 5. e4 Bg7 6. Be3 Nf6 7. Nc3 Qa5
8. Nb3 Qd8 9. Be2 O-O 10. O-O d6 11. Nd4 Nxd4 12. Bxd4 Be6 13. f4 Rc8 14.
b3 Qa5 15. Qd3 Bg4 16. e5 Bxe2 17. Qxe2 Nd7 18. Rae1 Rfe8 19. Nb5 Nf8 20.
Qf2 a6 21. Bb6 Qb4 22. Nc7 Rxc7 23. Bxc7 Ne6 24. Bb6 Nxf4 25. exd6 Qxd6 26.
Be3 g5 27. Bxf4 gxf4 28. Qxf4 Qxf4 29. Rxf4 Kf8 30. Ref1 f6 31. Rd4 e5 32.
Rd7 e4 33. Kf2 b6 34. Ke2 Re5 35. Rb7 Rg5 36. g3 Ke8 37. Rxb6 Kf8 38. Rb7
1-0

[Event "8th Dubai Open"]
[Site "Dubai UAE"]
[Date "2006.04.23"]
[Round "1"]
[White "Doostkam,P"]
[Black "Fedorchuk,S"]
[Result "0-1"]
[WhiteElo "2188"]
[BlackElo "2576"]
[EventDate "2006.04.23"]

1. c4 Nf6 2. Nc3 e5 3. Nf3 Nc6 4. e3 d5 5. cxd5 Nxd5 6. Bb5 Nxc3 7. bxc3
Bd6 8. O-O O-O 9. d4 e4 10. Nd2 Re8 11. f4 Bd7 12. a4 a6 13. Be2 Na5 14.
Ba3 Bxa3 15. Rxa3 Qe7 16. Ra1 Be6 17. f5 Bd5 18. c4 Bc6 19. f6 Qb4 20. Qc2
Qd6 21. fxg7 Qg6 22. Rf4 f5 23. Qc3 b6 24. Nb3 Nxb3 25. Qxb3 Kxg7 26. a5
Bd7 27. Qc3 Rg8 28. c5 Kh8 29. d5+ Rg7 30. g3 bxc5 31. Qxc5 Qf6 32. Rb1 Qe5
33. Rff1 Rxg3+ 34. Kh1 Rg6 35. Rb7 Bc6 36. Rb4 Bxd5 37. Qd4 Qxd4 38. Rxd4
Be6 39. Rc1 Rag8 40. Bxa6 f4 41. Bc4 Bg4 42. Rf1 Bf3+ 0-1

[Event "8th Dubai Open"]
[Site "Dubai UAE"]
[Date "2006.04.23"]
[Round "1"]
[White "Narayanan,S"]
[Black "Neverov,V"]
[Result "1/2-1/2"]
[WhiteElo "2170"]
[BlackElo "2572"]
[EventDate "2006.04.23"]

1. e4 c5 2. Nf3 e6 3. d4 cxd4 4. Nxd4 a6 5. Bd3 Bc5 6. Nb3 Ba7 7. O-O Nc6
8. Qe2 d6 9. Nc3 Nge7 10. Be3 e5 11. Bxa7 Rxa7 12. Rad1 b5 13. a4 bxa4 14.
Nxa4 O-O 15. Nc3 Nb4 16. Bc4 Rc7 17. Rd2 Rc6 18. Nc1 Qc7 19. Bb3 Be6 20.
Nd5 Bxd5 21. exd5 Rc5 22. Rfd1 a5 23. c3 a4 24. Bxa4 Nbxd5 25. Nb3 Nf4 26.
Qf3 Rd5 27. Rxd5 Nexd5 28. g3 Nb6 29. Qc6 Qxc6 30. Bxc6 Ne6 31. Rxd6 Nc4
32. Rd5 Nxb2 33. Rxe5 Rc8 34. Bd5 Rxc3 35. Bxe6 fxe6 36. Nd4 Nd3 37. Rxe6
Rc7 38. Re3 Nc5 39. Kg2 Rd7 40. Nf5 g6 41. Ne7+ Kg7 42. Nc6 Rc7 43. Nd4 Rd7
44. Nf3 Nd3 45. h4 Nb4 46. Ne5 Re7 47. f4 Nc6 48. Nc4 Rxe3 49. Nxe3 h5 50.
Kf3 Nd4+ 51. Ke4 Ne2 52. g4 hxg4 53. Nxg4 Ng3+ 54. Kf3 Nf5 55. Ne3 Nxh4+
56. Kg4 Nf5 57. Nxf5+ gxf5+ 58. Kg5 Kg8 59. Kg6 Kf8 60. Kf6 Kg8 61. Ke5 Kg7
62. Kxf5 1/2-1/2

[Event "8th Dubai Open"]
[Site "Dubai UAE"]
[Date "2006.04.23"]
[Round "1"]
[White "Petrosian,TL"]
[Black "Salman,Ma"]
[Result "1-0"]
[WhiteElo "2571"]
[BlackElo "2163"]
[EventDate "2006.04.23"]

1. e4 c5 2. Nc3 a6 3. Nf3 d6 4. d4 cxd4 5. Nxd4 Nf6 6. Be3 e5 7. Nf3 b5 8.
a4 b4 9. Nd5 Nbd7 10. Bc4 h6 11. a5 Bb7 12. Qd3 Be7 13. Nd2 Nc5 14. Bxc5
dxc5 15. O-O O-O 16. Rfd1 Nxd5 17. Bxd5 Bxd5 18. Qxd5 Qxd5 19. exd5 Bd6 20.
Nc4 Rad8 21. c3 Rd7 22. Rac1 e4 23. cxb4 Bf4 24. Nb6 Re7 25. d6 Re6 26.
bxc5 e3 27. Rc2 exf2+ 28. Kxf2 Rf6 29. Nd5 1-0

[Event "8th Dubai Open"]
[Site "Dubai UAE"]
[Date "2006.04.23"]
[Round "1"]
[White "Mohannad,A"]
[Black "Kotsur,P"]
[Result "0-1"]
[WhiteElo "2160"]
[BlackElo "2570"]
[EventDate "2006.04.23"]

1. d4 e6 2. c4 c5 3. d5 exd5 4. cxd5 d6 5. Nc3 g6 6. e4 Bg7 7. Bd3 Nf6 8.
f4 O-O 9. Nf3 Bg4 10. O-O Nbd7 11. Qc2 Bxf3 12. Rxf3 Rc8 13. h3 c4 14. Bf1
b5 15. Be3 a6 16. Re1 Re8 17. a3 Nc5 18. Bf2 Nfd7 19. Kh1 Nb6 20. Bxc5 Rxc5
21. Qd2 Rc7 22. g3 Rce7 23. Rfe3 Nd7 24. Bg2 Nc5 25. R1e2 Nb3 26. Qd1 Bd4
27. Rf3 Qb6 28. f5 Be5 29. f6 Rb7 30. Re1 Qd4 31. Qe2 Bxf6 32. Rd1 Qe5 33.
Rdf1 0-1

[Event "8th Dubai Open"]
[Site "Dubai UAE"]
[Date "2006.04.23"]
[Round "1"]
[White "Gagunashvili,M"]
[Black "Laabi Chian,M"]
[Result "1-0"]
[WhiteElo "2560"]
[BlackElo "2145"]
[EventDate "2006.04.23"]

1. d4 Nf6 2. c4 e6 3. Nc3 Bb4 4. Qc2 d5 5. cxd5 exd5 6. Bg5 O-O 7. e3 h6 8.
Bh4 Re8 9. Bd3 c5 10. Nge2 c4 11. Bf5 Be6 12. O-O Nbd7 13. Bxe6 fxe6 14. e4
g5 15. Bg3 Nf8 16. e5 Nh5 17. f4 Qe7 18. f5 Qh7 19. Qa4 Bxc3 20. Nxc3 exf5
21. Nxd5 Qf7 22. Nc3 a6 23. Qc2 f4 24. Bf2 b5 25. a4 b4 26. Ne4 b3 27. Qe2
f3 28. Qxf3 Qxf3 29. gxf3 Rec8 30. d5 Nf4 31. Rad1 Nd3 32. Bd4 Ng6 33. Nf6+
Kf8 34. Nd7+ Ke7 35. Nb6 Ngf4 36. Rd2 Rab8 37. Nxc8+ Rxc8 38. d6+ Ke6 39.
h4 Rg8 40. Kh2 Kf5 41. Rg1 Ne6 42. Bc3 Kf4 43. Rg4+ Kxf3 44. Rxc4 Nf2 45.
Ba5 Ne4 46. Rxe4 Kxe4 47. d7 Kxe5 48. Re2+ 1-0

[Event "8th Dubai Open"]
[Site "Dubai UAE"]
[Date "2006.04.23"]
[Round "1"]
[White "Ghader Pour,S"]
[Black "Anastasian,A"]
[Result "1/2-1/2"]
[WhiteElo "2144"]
[BlackElo "2553"]
[EventDate "2006.04.23"]

1. e4 c5 2. Nf3 d6 3. c3 Nf6 4. Bd3 Nc6 5. Bc2 Bg4 6. d3 e6 7. Nbd2 Be7 8.
h3 Bh5 9. Qe2 d5 10. Nf1 c4 11. Ng3 cxd3 12. Bxd3 Bg6 13. O-O dxe4 14. Nxe4
Nd5 15. a3 Qc7 16. c4 Nf4 17. Bxf4 Qxf4 18. b4 Bh5 19. Ned2 O-O-O 20. Ra2
Nd4 21. Qe4 Qxe4 22. Bxe4 Ne2+ 23. Kh1 Nc3 24. Rc2 Nxe4 25. Nxe4 Bg6 26.
Re1 Rd3 27. Ra2 Rhd8 28. Ne5 Rd1 29. Rae2 Rxe1+ 30. Rxe1 Rd4 31. Nxg6 hxg6
32. c5 Rd3 33. Re3 Rxe3 34. fxe3 Kc7 35. Kg1 b6 36. cxb6+ Kxb6 37. Kf2 Kb5
38. Ke2 Ka4 39. Kd3 Kxa3 40. Kc4 Bxb4 41. Ng5 Bd2 42. Kd3 Bc1 43. Nxf7 Kb3
44. Nd8 a5 45. Nxe6 a4 46. Nc5+ Kb4 47. Nxa4 Kxa4 48. Ke4 Bb2 49. Kd5 Kb4
50. e4 Kc3 51. e5 Kd3 52. e6 Ba3 53. Kc6 Ke3 54. Kd7 Kf2 55. e7 Bxe7 56.
Kxe7 Kxg2 57. Kf7 1/2-1/2

[Event "8th Dubai Open"]
[Site "Dubai UAE"]
[Date "2006.04.23"]
[Round "1"]
[White "Krivoshey,S"]
[Black "Al Sulaiti,G"]
[Result "1-0"]
[WhiteElo "2531"]
[BlackElo "2135"]
[EventDate "2006.04.23"]

1. d4 d5 2. c4 e6 3. Nc3 Be7 4. Nf3 Nf6 5. Bg5 O-O 6. e3 Nbd7 7. Rc1 dxc4
8. Bxc4 a6 9. a4 c5 10. O-O cxd4 11. exd4 Nb6 12. Bb3 Bd7 13. Ne5 Bc6 14.
Qd3 Nbd5 15. Qh3 Nxc3 16. bxc3 Be4 17. Rfe1 Bf5 18. Qf3 Nd5 19. Bd2 h6 20.
c4 Bb4 21. Rcd1 Bxd2 22. Rxd2 Qa5 23. Rdd1 Nb4 24. Re2 Nc6 25. Nxc6 bxc6
26. g4 Bg6 27. Qxc6 h5 28. h3 Rab8 29. Re3 Rfc8 30. Qf3 Rxb3 31. Rxb3 Bc2
32. Rb7 Qg5 33. Qxf7+ Kh8 34. f4 Ra8 35. Ra1 1-0

[Event "8th Dubai Open"]
[Site "Dubai UAE"]
[Date "2006.04.23"]
[Round "1"]
[White "Priyadharshan,K"]
[Black "Sturua,Z"]
[Result "0-1"]
[WhiteElo "2135"]
[BlackElo "2524"]
[EventDate "2006.04.23"]

1. Nf3 Nf6 2. e3 g6 3. b4 Bg7 4. d4 O-O 5. Bb2 d6 6. Be2 c5 7. b5 cxd4 8.
exd4 d5 9. O-O Ne4 10. Nbd2 Nd6 11. a4 Be6 12. Ne5 Nd7 13. Nb3 Rc8 14. Nxd7
Bxd7 15. Ba3 Bf5 16. Bd3 Bxd3 17. Qxd3 Qc7 18. Ra2 Rfd8 19. Re1 e6 20. h3
Nf5 21. Rd1 Qc4 22. Bc1 Nxd4 23. Qxc4 Rxc4 24. Nxd4 Bxd4 25. Be3 Bxe3 26.
fxe3 Rdc8 27. Rd2 Rb4 28. Rd1 Rcc4 29. Rda1 Rc3 30. Kf2 Rbc4 31. Rc1 h5 32.
a5 Rb4 33. b6 axb6 34. axb6 Rxb6 35. Re1 Kg7 36. Re2 Rb4 37. Ke1 h4 38. Kd2
Rc7 39. Ra1 g5 40. Rg1 Kg6 41. g3 hxg3 42. Rxg3 f6 43. Rg4 Rxg4 44. hxg4
Rc4 45. Rg2 b5 46. c3 Kf7 47. Kd3 Ke7 48. Rb2 Rxg4 49. Rxb5 Kd6 50. Rb1 Ke5
51. Re1 f5 52. Rf1 Rg2 53. Rc1 Rg3 54. c4 dxc4+ 55. Rxc4 f4 0-1

[Event "8th Dubai Open"]
[Site "Dubai UAE"]
[Date "2006.04.23"]
[Round "1"]
[White "Ramesh,R"]
[Black "Saeed,I"]
[Result "1-0"]
[WhiteElo "2507"]
[BlackElo "2133"]
[EventDate "2006.04.23"]

1. e4 c6 2. d4 d5 3. e5 Bf5 4. Nf3 e6 5. Be2 c5 6. Be3 Qb6 7. Nc3 Qxb2 8.
Nb5 Na6 9. dxc5 Rd8 10. Nd6+ Bxd6 11. cxd6 f6 12. Rb1 Qc3+ 13. Qd2 Qc8 14.
Bxa7 fxe5 15. d7+ Kxd7 16. Nxe5+ Ke8 17. O-O Qc7 18. Rfe1 Qe7 19. Bb5+ Kf8
20. Bxa6 bxa6 21. Nc6 Qc7 22. Nxd8 Qxa7 23. Rb7 Qc5 24. Qg5 g6 25. Nxe6+
Bxe6 26. Qd8+ 1-0

[Event "8th Dubai Open"]
[Site "Dubai UAE"]
[Date "2006.04.23"]
[Round "1"]
[White "Alsharhan,F"]
[Black "Odeev,H"]
[Result "0-1"]
[WhiteElo "2130"]
[BlackElo "2492"]
[EventDate "2006.04.23"]

1. d4 Nf6 2. Nf3 e6 3. Bg5 d5 4. Nbd2 Be7 5. e3 c5 6. c3 Nc6 7. Bd3 Nd7 8.
Bf4 O-O 9. Ne5 Ndxe5 10. dxe5 f5 11. h4 d4 12. Nf3 dxc3 13. bxc3 Qa5 14.
Rc1 Qxa2 15. Bb1 Qc4 16. Bd3 Qd5 17. Qe2 Na5 18. c4 Qd8 19. g4 Nc6 20. Rg1
Qe8 21. Qf1 Kh8 22. Qg2 Qf7 23. Ke2 Bd7 24. Qh2 Nb4 25. Bb1 b5 26. h5 bxc4
27. gxf5 exf5 28. e6 Qxe6 29. Ne5 Bb5 30. f3 Nd3 31. Ng6+ Kg8 32. Nxe7+
Qxe7 33. Bxd3 cxd3+ 34. Kd2 Rae8 35. Qg3 c4 36. Rc3 Rf7 37. Rb1 a6 38. Bg5
Qe6 39. Qf4 h6 40. Bh4 Qe5 41. Bg3 Qe6 42. Rg1 Qe7 43. Rb1 Qd8 44. Qd4 0-1

[Event "8th Dubai Open"]
[Site "Dubai UAE"]
[Date "2006.04.23"]
[Round "1"]
[White "Babaev,Ra"]
[Black "Salem,AR"]
[Result "1-0"]
[WhiteElo "2481"]
[BlackElo "2124"]
[EventDate "2006.04.23"]

1. e4 c6 2. d4 d5 3. Nd2 dxe4 4. Nxe4 Bf5 5. Ng3 Bg6 6. h4 h6 7. Nf3 Nd7 8.
h5 Bh7 9. Bd3 Bxd3 10. Qxd3 e6 11. Bd2 Ngf6 12. O-O-O Be7 13. Kb1 O-O 14.
Qe2 Qb6 15. Ne5 Nxe5 16. dxe5 Nd5 17. c4 Nb4 18. Ne4 Rad8 19. Bc3 Qa6 20.
b3 Qb6 21. Nf6+ Kh8 22. Nd7 Nd5 23. Bd4 Rxd7 24. Bxb6 Nc3+ 25. Kc2 Rxd1 26.
Kxc3 Rxh1 27. Bc7 Ba3 28. b4 c5 29. b5 Rc1+ 30. Kb3 Bb4 31. Kb2 Re1 32. Qf3
f6 33. a3 Bd2 34. Bd6 Rf7 35. Bxc5 Rxe5 36. Bd6 Re1 37. c5 Rd7 38. Qd3 Bf4
39. Qg6 Bxd6 40. Qe8+ Kh7 41. Qxd7 Bxc5 42. Qd2 Re5 43. g4 Rd5 44. Qe2 Re5
45. Qc2+ Kg8 46. Kb3 Rd5 47. Qe4 Kf7 48. f4 Bb6 49. a4 Rd7 50. Qg6+ Kf8 51.
g5 fxg5 52. fxg5 hxg5 53. Qxe6 Rd3+ 54. Kc2 Rd8 55. Qf5+ Kg8 56. Qxg5 Rc8+
57. Kb3 Rc7 58. Qg6 Kf8 59. Kb4 Bc5+ 60. Kc4 b6 61. Qf5+ Kg8 62. Qe6+ Kh8
63. Qe8+ Kh7 64. Kd5 Re7 65. Qg6+ Kg8 66. a5 Kf8 67. a6 Rc7 68. Qf5+ Kg8
69. Qe5 Rf7 70. Qe8+ Bf8 71. Kc6 1-0

[Event "8th Dubai Open"]
[Site "Dubai UAE"]
[Date "2006.04.23"]
[Round "1"]
[White "Abbasov,F"]
[Black "Monir,A"]
[Result "1-0"]
[WhiteElo "2467"]
[BlackElo "2121"]
[EventDate "2006.04.23"]

1. d4 Nf6 2. Nf3 d5 3. c4 c6 4. Nc3 e6 5. Bg5 Nbd7 6. e3 Bb4 7. Nd2 Qa5 8.
Bxf6 Nxf6 9. Qc2 O-O 10. Bd3 Re8 11. O-O e5 12. cxd5 exd4 13. Nc4 Qd8 14.
exd4 Bxc3 15. bxc3 Qxd5 16. Ne5 Be6 17. Rfd1 c5 18. Bc4 Qd6 19. Qb3 Bxc4
20. Nxc4 Qf4 21. g3 Qf3 22. Ne5 Rxe5 23. dxe5 Ne4 24. Qc2 Ng5 25. h4 Nh3+
26. Kh2 Nxf2 27. Rf1 Ng4+ 28. Kh3 Ne3 29. Qxh7+ Kxh7 30. Rxf3 1-0

[Event "8th Dubai Open"]
[Site "Dubai UAE"]
[Date "2006.04.23"]
[Round "1"]
[White "Marcial,A"]
[Black "Adly,A"]
[Result "0-1"]
[WhiteElo "2110"]
[BlackElo "2460"]
[EventDate "2006.04.23"]

1. d4 d5 2. Bf4 Nf6 3. e3 Bg4 4. f3 Bf5 5. Bd3 e6 6. Ne2 Bxd3 7. Qxd3 c5 8.
Qb5+ Qd7 9. Nbc3 Na6 10. O-O Be7 11. Qxd7+ Kxd7 12. dxc5 Bxc5 13. Na4 Be7
14. a3 Rhc8 15. Nac3 Nh5 16. Be5 f6 17. Bg3 Nxg3 18. hxg3 Bc5 19. Kf2 Nc7
20. Rfd1 Ne8 21. Rd2 Nd6 22. Nd1 b5 23. b3 a5 24. c3 a4 25. b4 Ba7 26. Nd4
e5 27. Ne2 Ke6 28. Nb2 Nf5 29. Nd1 h5 30. Rd3 g5 31. Kf1 Rc4 32. Nb2 Nxe3+
33. Rxe3 Bxe3 34. Nxc4 bxc4 35. Rd1 Kd6 36. Nc1 d4 37. Ke2 f5 38. Na2 f4
39. b5 d3+ 40. Ke1 h4 41. g4 h3 42. gxh3 Rh8 43. Nb4 Rxh3 44. Nxd3 Rh1+ 45.
Ke2 Rh2+ 46. Ke1 cxd3 47. Rxd3+ 0-1

[Event "8th Dubai Open"]
[Site "Dubai UAE"]
[Date "2006.04.23"]
[Round "1"]
[White "Sale,S"]
[Black "Shantanu,L"]
[Result "1-0"]
[WhiteElo "2453"]
[BlackElo "2106"]
[EventDate "2006.04.23"]

1. e4 e6 2. d3 d5 3. Nd2 Nf6 4. Ngf3 Nc6 5. c3 Bd6 6. g3 O-O 7. Bg2 e5 8.
O-O Bg4 9. h3 Bh5 10. Qc2 Qd7 11. b4 a6 12. a3 Rfe8 13. Re1 Rad8 14. Nh4
Bf8 15. Nb3 dxe4 16. dxe4 Qd3 17. Qb2 b5 18. Bg5 Qc4 19. Bxf6 gxf6 20. Bf1
Qe6 21. a4 Na7 22. Nf5 Bf3 23. Qc2 Qc6 24. Na5 Qb6 25. axb5 axb5 26. g4 c5
27. Re3 Bd1 28. Rxd1 Rxd1 29. Qxd1 1-0

[Event "8th Dubai Open"]
[Site "Dubai UAE"]
[Date "2006.04.23"]
[Round "1"]
[White "Laith,K"]
[Black "Taleb,M"]
[Result "1/2-1/2"]
[WhiteElo "2103"]
[BlackElo "2452"]
[EventDate "2006.04.23"]

1. Nf3 Nf6 2. c4 e6 3. g3 b6 4. Bg2 Bb7 5. O-O Be7 6. d4 O-O 7. d5 exd5 8.
Nh4 c6 9. cxd5 Nxd5 10. Nf5 Bc5 11. e4 Ne7 12. Nxg7 Kxg7 13. b4 Bxb4 14.
Qd4+ f6 15. Qxb4 Na6 16. Qd6 Ng6 17. Rd1 Rf7 18. Na3 1/2-1/2

[Event "8th Dubai Open"]
[Site "Dubai UAE"]
[Date "2006.04.23"]
[Round "1"]
[White "Gupta,Ab"]
[Black "Ali,O"]
[Result "1-0"]
[WhiteElo "2449"]
[BlackElo "2103"]
[EventDate "2006.04.23"]

1. d4 d5 2. c4 e6 3. Nc3 f5 4. Bf4 c6 5. Nf3 Nf6 6. e3 Bd6 7. Bd3 Ne4 8.
Qc2 a5 9. h3 b6 10. Ne5 Ba6 11. O-O O-O 12. Rad1 Bxe5 13. Bxe5 Nd7 14. Bf4
Ndf6 15. Ne2 Rc8 16. f3 Nd6 17. c5 Bxd3 18. Rxd3 bxc5 19. Qxc5 Nb7 20. Qa3
Nd7 21. Rc1 Re8 22. Rdc3 Qb6 23. Qa4 Nd8 24. R1c2 Ra8 25. Bg5 Nf6 26. Bxf6
gxf6 27. Nf4 Qb4 28. Qa3 Re7 29. Nd3 Qxa3 30. Rxa3 Rb7 31. Rc5 Rba7 32. Rb3
Kf8 33. Kf2 Ke7 34. g4 fxg4 35. hxg4 Kd6 36. e4 e5 37. dxe5+ fxe5 38. exd5
Rf7 39. Ke3 Ra6 40. Rb8 Rd7 41. dxc6 Nxc6 42. Rbb5 Re7 43. Ke4 Nd4 44. Rd5+
1-0

[Event "8th Dubai Open"]
[Site "Dubai UAE"]
[Date "2006.04.23"]
[Round "1"]
[White "Bistric,F"]
[Black "Bajarani,U"]
[Result "0-1"]
[WhiteElo "2430"]
[BlackElo "2084"]
[EventDate "2006.04.23"]

1. e4 c5 2. Nf3 g6 3. c4 Bg7 4. d4 cxd4 5. Nxd4 b6 6. Nc3 Bb7 7. g3 Nc6 8.
Be3 Nf6 9. Bg2 O-O 10. O-O Rc8 11. b3 Ng4 12. Qxg4 Nxd4 13. Rac1 f5 14. Qd1
e5 15. Re1 fxe4 16. Nxe4 Bxe4 17. Bxe4 Qf6 18. h4 Kh8 19. Kg2 h6 20. h5 g5
21. Qg4 Rcd8 22. Rcd1 Ne6 23. Re2 Nd4 24. Red2 a5 25. Rd3 Qe6 26. Qxe6 dxe6
27. f4 gxf4 28. gxf4 Rxf4 29. Bxf4 exf4 30. Kh3 Bf6 31. a3 e5 32. b4 Rc8
33. c5 bxc5 34. bxa5 c4 35. Rxd4 exd4 36. a6 c3 37. Rb1 d3 38. Bxd3 Bd4 39.
Rc1 f3 40. Kg4 f2 41. Kf3 c2 42. Kg2 Rc3 43. Be4 Kg7 44. a4 Kf6 45. Rxc2
Rg3+ 46. Kxg3 f1=Q 0-1

[Event "8th Dubai Open"]
[Site "Dubai UAE"]
[Date "2006.04.23"]
[Round "1"]
[White "Kulicov,O"]
[Black "Zibaei,A"]
[Result "1-0"]
[WhiteElo "2407"]
[BlackElo "2073"]
[EventDate "2006.04.23"]

1. e4 e5 2. Nf3 Nc6 3. d4 exd4 4. Nxd4 Bc5 5. Be3 Qf6 6. Nb5 Bxe3 7. fxe3
Qe5 8. Qd5 Kd8 9. Qxf7 Nh6 10. Qb3 Qxe4 11. Nd2 Qg4 12. Be2 Qh4+ 13. g3 Qe7
14. O-O-O Nf5 15. Bg4 Nh6 16. Bh3 d6 17. Bxc8 Kxc8 18. Nc4 Rd8 19. Rhf1 d5
20. Nca3 a6 21. Nd4 g6 22. Nxc6 bxc6 23. Qc3 c5 24. e4 d4 25. Qd3 Ng4 26.
Nc4 Re8 27. Rf4 Ne5 28. Nxe5 Qxe5 29. Rdf1 h5 30. a3 Re6 31. Qc4 Kb7 32. h4
Rae8 33. Kb1 Rb6 34. R1f2 Ree6 35. Ka2 Rb5 36. b3 Rbb6 37. Re2 Rbc6 38. Rd2
Kb6 39. Rd3 g5 40. hxg5 Qxg5 41. a4 Rf6 42. Rdf3 Rxf4 43. gxf4 Qg2 44. Qd3
h4 45. f5 Rh6 46. f6 h3 47. f7 h2 48. f8=Q h1=Q 49. Qb8+ Ka5 50. Qdb5+ 1-0

[Event "8th Dubai Open"]
[Site "Dubai UAE"]
[Date "2006.04.23"]
[Round "1"]
[White "Prasanna,Ra"]
[Black "Sarsam,S"]
[Result "1/2-1/2"]
[WhiteElo "2055"]
[BlackElo "2399"]
[EventDate "2006.04.23"]

1. e4 e5 2. Nf3 Nc6 3. Bb5 a6 4. Ba4 d6 5. O-O Bg4 6. d3 Nf6 7. c3 Be7 8.
Nbd2 O-O 9. h3 Bd7 10. Re1 h6 11. Nf1 Nh7 12. Ng3 Ng5 13. Bb3 Nxf3+ 14.
Qxf3 Bg5 15. Be3 g6 16. d4 Qe7 17. Rad1 Na5 18. Bc2 Nc4 19. Bxg5 hxg5 20.
b3 Nb6 21. Nf1 Kg7 22. Ne3 Rh8 23. Bd3 Rh4 24. g4 Bb5 25. c4 Bd7 26. dxe5
Qxe5 27. Bf1 Re8 28. Bg2 Bc6 29. Nd5 Bxd5 30. cxd5 Re7 31. Rc1 Rh8 32. Qc3
Nd7 33. Re3 Rc8 34. Qxe5+ Nxe5 35. Bf1 f5 36. exf5 gxf5 37. gxf5 Kf6 38.
Bg2 Kxf5 39. Rf1 c5 40. Be4+ Kf4 41. Bg2 Rce8 42. Kh1 g4 43. Re4+ Kf5 44.
Rfe1 Rh7 45. Rxg4 Nxg4 46. Rxe8 Nxf2+ 47. Kh2 Ng4+ 48. Kg3 Ne5 49. Re6 Rg7+
50. Kf2 Nd3+ 51. Ke3 Rg3+ 52. Kd2 Rxg2+ 53. Kxd3 Rxa2 54. Rxd6 Ke5 55. Rb6
Kxd5 56. Rxb7 Rg2 57. Rd7+ Kc6 58. Rh7 Kb5 59. Rb7+ Kc6 60. Rh7 Rg1 61. Ke3
1/2-1/2

[Event "8th Dubai Open"]
[Site "Dubai UAE"]
[Date "2006.04.23"]
[Round "1"]
[White "Sareen,V"]
[Black "Stojic,D"]
[Result "1-0"]
[WhiteElo "2386"]
[BlackElo "2054"]
[EventDate "2006.04.23"]

1. e4 c5 2. Nf3 d6 3. d4 cxd4 4. Nxd4 Nf6 5. Nc3 a6 6. Bg5 e6 7. Qd3 b5 8.
f4 Be7 9. Be2 Bb7 10. Bf3 Nbd7 11. a3 Nc5 12. Qe3 h6 13. Bxf6 Bxf6 14.
O-O-O Qb6 15. h4 b4 16. axb4 Qxb4 17. e5 dxe5 18. fxe5 Be7 19. Bc6+ Bxc6
20. Nxc6 Qb7 21. Nxe7 Qxe7 22. Rd6 Nb7 23. Rd4 O-O 24. Rg4 Kh8 25. Rh3 Qc5
26. Qe1 Rad8 27. Rhg3 Rg8 28. b4 Qb6 29. Qe4 Qc7 30. Qe3 Qe7 31. Ne4 Kh7
32. Rxg7+ Rxg7 33. Nf6+ Qxf6 34. exf6 Rxg3 35. Qxg3 Rg8 36. Qd3+ Kh8 37.
Qe3 Rxg2 38. Qb6 1-0